Manual de dibujo de ingeniería: para estudiantes y dibujantes
Guardat en:
| Autors principals: | , |
|---|---|
| Format: | Llibre |
| Idioma: | espanyol |
| Publicat: |
Ciudad de México
UTEHA
1972
|
| Edició: | 2a. ed |
| Matèries: | |
| Etiquetes: |
Afegir etiqueta
Sense etiquetes, Sigues el primer a etiquetar aquest registre!
|
MARC
| LEADER | 00000nam a2200000 a 4500 | ||
|---|---|---|---|
| 001 | UCV7099 | ||
| 003 | CL-VaPUC | ||
| 008 | 930603e19720000MX |||||||||||||||||spa|d | ||
| 082 | 0 | 4 | |a 604.2 |b FRE |2 21 |
| 100 | 0 | |a French, Thomas E |e author |9 301114 | |
| 700 | 0 | |a Vierck, Charles J |e author |9 301115 | |
| 245 | 1 | 0 | |a Manual de dibujo de ingeniería: para estudiantes y dibujantes |
| 246 | 1 | 0 | |a Dibujo de ingeniería |
| 250 | |a 2a. ed | ||
| 300 | |a 825 p | ||
| 942 | |c BK | ||
| 945 | |d 19930603 00:00:00 | ||
| 260 | |a Ciudad de México |b UTEHA |c 1972 | ||
| 650 | 7 | |a DIBUJO TECNICO |2 CL-VaPUC |9 301116 | |
| 650 | 0 | |a Ingeniería |9 259380 | |
| 650 | 0 | |a Dibujos |9 264123 | |
| 650 | 0 | |a Maquinaria |9 260482 | |
| 583 | |a last modification |c 20120924 13:44:05 |k Rodrigo Vera | ||
| 999 | |c 212839 |d 212837 | ||
| 952 | |0 0 |1 0 |4 0 |6 604_200000000000000_FRE_1972 |7 0 |8 A |9 194518 |a BIBING |b BIBING |d 2019-11-14 |i 3133915 |o 604.2 FRE 1972 |p 3133915 |r 2023-03-02 |w 2019-11-14 |y BK |k ING | ||
| 952 | |0 0 |1 0 |4 0 |6 604_200000000000000_FRE_1972 |7 0 |8 A |9 194519 |a BIBCUR |b BIBCUR |d 2019-11-14 |i 1786288 |o 604.2 FRE 1972 |p 1786288 |r 2025-04-22 |w 2019-11-14 |y BK |k BCB | ||